[Event "Uelzen Uhlenkoeper op"]
[Site "Uelzen"]
[Date "2024.12.28"]
[Round "4"]
[White "Dehn, Marcus"]
[Black "Wilk, Clemens"]
[Result "1/2-1/2"]
[WhiteElo "2053"]
[BlackElo "1869"]
[PlyCount "76"]
[EventDate "2024.12.27"]
[EventType "swiss"]
[EventRounds "9"]
[EventCountry "GER"]
[SourceTitle "CB01_2025"]
[SourceDate "2025.01.01"]
[SourceVersion "1"]
[SourceVersionDate "2025.01.01"]
[SourceQuality "1"]

1. d4 d5 2. Nf3 Nf6 3. e3 Bf5 4. c4 c6 5. Qb3 Qb6 6. c5 Qc7 7. Ne5 Nbd7 8. f4 h5 9. Nd2 e6 10. Ndf3 Nxe5 11. fxe5 Ne4 12. Bd3 Be7 13. Qc2 g6 14. 0-0 h4 15. b4 a6 16. Bd2 Ng5 17. a4 Nxf3+ 18. gxf3 Bxd3 19. Qxd3 Kf8 20. b5 axb5 21. axb5 Kg7 22. Rfb1 Rhc8 23. Qb3 Qd7 24. Kf2 Bd8 25. Ke2 Rxa1 26. Rxa1 b6 27. cxb6 cxb5 28. Ra5 Bxb6 29. Rxb5 Bd8 30. h3 Qc6 31. Rc5 Qd7 32. Rxc8 Qxc8 33. Qb5 Qc2 34. Qd3 Qb2 35. Qc3 Qb1 36. Qc8 Qb5+ 37. Ke1 Ba5 38. Bxa5 Qxa5+ 1/2-1/2

[Event "GER-ch Net blitz qual3"]
[Site "Playchess.com INT"]
[Date "2020.03.21"]
[Round "9"]
[White "Dehn, Marcus"]
[Black "Kahlert, Thomas"]
[Result "1-0"]
[WhiteElo "2098"]
[BlackElo "2147"]
[PlyCount "63"]
[EventDate "2020.03.21"]
[EventType "swiss (blitz)"]
[EventRounds "9"]
[EventCountry "GER"]
[SourceTitle "CBM 195 Extra"]
[Source "ChessBase"]
[SourceDate "2020.05.31"]
[SourceVersion "1"]
[SourceVersionDate "2020.05.31"]
[SourceQuality "1"]

1. d4 Nf6 2. Nf3 g6 3. Bf4 Bg7 4. e3 0-0 5. h3 d5 6. Be2 c5 7. c3 Nc6 8. 0-0 Nd7 9. Bh2 e5 10. dxe5 Ndxe5 11. Nbd2 h6 12. Nb3 b6 13. a4 Be6 14. a5 Nc4 15. axb6 axb6 16. Bxc4 dxc4 17. Qxd8 Rfxd8 18. Nbd2 b5 19. Ne4 Na5 20. Bc7 Nb3 21. Bxd8 Rxa1 22. Rxa1 Nxa1 23. Nxc5 Bd5 24. Nd4 Nb3 25. Ncxb3 cxb3 26. Nxb5 Be5 27. Bb6 f5 28. Nd4 f4 29. Nf3 Bd6 30. exf4 Bxf4 31. Be3 Be5 32. Nxe5 1-0

[Event "Erfurt op-A 29th"]
[Site "Erfurt"]
[Date "2019.12.28"]
[Round "4"]
[White "Dehn, Marcus"]
[Black "Arnhold, Steffi"]
[Result "1-0"]
[WhiteElo "2110"]
[BlackElo "2018"]
[PlyCount "81"]
[EventDate "2019.12.26"]
[EventType "swiss"]
[EventRounds "8"]
[EventCountry "GER"]
[SourceTitle "CBM 194 Extra"]
[Source "ChessBase"]
[SourceDate "2020.03.31"]
[SourceVersion "1"]
[SourceVersionDate "2020.03.31"]
[SourceQuality "1"]

1. d4 Nf6 2. e3 d5 3. Bd3 c5 4. c3 Nc6 5. Nf3 Bg4 6. h3 Bh5 7. Qa4 Qc7 8. Bb5 Nd7 9. Nbd2 e6 10. 0-0 Be7 11. Ne5 Ndxe5 12. dxe5 0-0 13. f4 f5 14. exf6 Rxf6 15. Nf3 Bd6 16. Bd2 Raf8 17. Be1 Bxf3 18. Rxf3 e5 19. Bh4 R6f7 20. Qd1 d4 21. Bc4 e4 22. Rg3 d3 23. Qh5 Kh8 24. Bxf7 Qxf7 25. Qg4 c4 26. b3 Be7 27. f5 Bxh4 28. Qxh4 Qxf5 29. Rg4 d2 30. Rf4 Qc8 31. Rxf8+ Qxf8 32. Qxe4 Qd8 33. Rd1 h6 34. Qc2 cxb3 35. axb3 Qb6 36. Kf2 Qd8 37. Qxd2 Qh4+ 38. Kg1 Qg5 39. Qd3 a6 40. b4 Qg3 41. Rf1 1-0

[Event "GER-ch Seniors 50"]
[Site "Hamburg"]
[Date "2018.07.28"]
[Round "8"]
[White "Kierzek, Mira"]
[Black "Dehn, Marcus"]
[Result "0-1"]
[WhiteElo "2029"]
[BlackElo "2099"]
[PlyCount "134"]
[EventDate "2018.07.21"]
[EventType "swiss"]
[EventRounds "9"]
[EventCountry "GER"]
[SourceTitle "CBM 186 Extra"]
[Source "ChessBase"]
[SourceDate "2018.08.24"]
[SourceVersion "1"]
[SourceVersionDate "2018.08.24"]
[SourceQuality "1"]

1. d4 g6 2. e4 Bg7 3. c3 d5 4. e5 c5 5. h3 h5 6. Nf3 Nc6 7. Bd3 Nh6 8. Bxh6 Rxh6 9. Qd2 Rh8 10. a4 Qb6 11. Na3 cxd4 12. cxd4 Qb4 13. Qxb4 Nxb4 14. Bb5+ Bd7 15. 0-0 Nc6 16. Nc2 Bh6 17. Nfe1 Rc8 18. Bxc6 Rxc6 19. Nb4 Rc4 20. Nxd5 Rxd4 21. Nc7+ Kd8 22. Nb5 Rd5 23. Nf3 Bxb5 24. axb5 Rxb5 25. Rxa7 Kc7 26. Ra2 Rd8 27. Re1 e6 28. Re4 Rdd5 29. g3 Ra5 30. Raa4 Rxa4 31. Rxa4 Rb5 32. Rc4+ Kb6 33. Rc2 Rc5 34. Re2 Kb5 35. Kg2 Ka4 36. Ne1 Rd5 37. f4 Bf8 38. Nf3 Bb4 39. Ng5 Rd7 40. Kf3 Kb3 41. Kg2 b5 42. Ne4 Ka2 43. g4 hxg4 44. hxg4 Kb1 45. Kg3 Rd3+ 46. Kg2 Kc1 47. Ng5 Bd2 48. Re4 Rd7 49. b4 Kc2 50. Kf3 Kb3 51. Re2 Bxb4 52. Rh2 Ba5 53. Rh7 Kc3 54. Nxf7 b4 55. Ke2 Kc2 56. Kf3 b3 57. Rh2+ Rd2 58. Rxd2+ Kxd2 59. Nd6 Kd3 60. f5 b2 61. fxg6 b1Q 62. Ne4 Qh1+ 63. Kf4 Qxe4+ 64. Kg5 Qxe5+ 65. Kh6 Bc3 66. g7 Qxg7+ 67. Kh5 Bf6 0-1

[Event "GER-ch Seniors 50"]
[Site "Hamburg"]
[Date "2018.07.25"]
[Round "5"]
[White "Dehn, Marcus"]
[Black "Raddatz, Michael"]
[Result "1-0"]
[WhiteElo "2099"]
[BlackElo "2003"]
[PlyCount "133"]
[EventDate "2018.07.21"]
[EventType "swiss"]
[EventRounds "9"]
[EventCountry "GER"]
[SourceTitle "CBM 186 Extra"]
[Source "ChessBase"]
[SourceDate "2018.08.24"]
[SourceVersion "1"]
[SourceVersionDate "2018.08.24"]
[SourceQuality "1"]

1. d4 Nf6 2. Bf4 b5 3. c3 Bb7 4. a4 b4 5. c4 a5 6. Nd2 e6 7. e3 d6 8. Ngf3 Nbd7 9. Be2 Be7 10. h3 0-0 11. 0-0 Kh8 12. Bh2 c5 13. Nb3 Ne4 14. Nfd2 f5 15. Nxe4 Bxe4 16. f3 Bb7 17. Re1 Qb6 18. Kh1 Bh4 19. g3 Bg5 20. Bg1 Qc7 21. Kh2 cxd4 22. Nxd4 Nc5 23. Nb5 Qc6 24. Qxd6 Rad8 25. Qxc6 Bxc6 26. Nd4 Bb7 27. f4 Bf6 28. Rf1 Bxd4 29. exd4 Nb3 30. Rad1 Be4 31. Bd3 Bxd3 32. Rxd3 Nc5 33. Rd2 Nxa4 34. Re2 Nb6 35. b3 a4 36. d5 Nxc4 37. bxc4 exd5 38. Bc5 dxc4 39. Bxb4 Rfe8 40. Rxe8+ Rxe8 41. Rc1 Rc8 42. Kg2 Kg8 43. Kf3 Rb8 44. Bc3 Rd8 45. Rc2 Rd3+ 46. Kf2 a3 47. Be5 Rd1 48. Rxc4 a2 49. Ra4 Rd2+ 50. Ke3 Rg2 51. Kf3 Rh2 52. Ra7 h5 53. Rxg7+ Kf8 54. h4 Rh1 55. Rg5 Kf7 56. Rxf5+ Kg6 57. Rf6+ Kh7 58. Ra6 Rh2 59. Ke4 Rg2 60. f5 Rf2 61. Ra7+ Kg8 62. f6 Kf8 63. Bf4 Rf1 64. Rxa2 Kf7 65. Kf5 Rb1 66. Ra7+ Kg8 67. Kg6 1-0

[Event "GER-ch Seniors 50"]
[Site "Hamburg"]
[Date "2018.07.24"]
[Round "4"]
[White "Dehn, Marcus"]
[Black "Hueskens, Gerd"]
[Result "1-0"]
[WhiteElo "2099"]
[BlackElo "1840"]
[PlyCount "142"]
[EventDate "2018.07.21"]
[EventType "swiss"]
[EventRounds "9"]
[EventCountry "GER"]
[SourceTitle "CBM 186 Extra"]
[Source "ChessBase"]
[SourceDate "2018.08.24"]
[SourceVersion "1"]
[SourceVersionDate "2018.08.24"]
[SourceQuality "1"]

1. d4 Nf6 2. e3 g6 3. Nd2 Bg7 4. Nc4 0-0 5. Be2 d6 6. a4 Nbd7 7. Nf3 c6 8. 0-0 Qc7 9. a5 Re8 10. Qd3 e5 11. dxe5 dxe5 12. Qd6 Nd5 13. Qxc7 Nxc7 14. Nd6 Re7 15. Bd2 Ne8 16. Nc4 Nc7 17. Rfd1 h6 18. Nd6 Ne8 19. Nxc8 Rxc8 20. Bc3 Nc7 21. e4 a6 22. Bb4 c5 23. Be1 Nb8 24. Nd2 Nc6 25. c3 Ne6 26. Nc4 Rcc7 27. g3 Ng5 28. f3 Red7 29. Rxd7 Rxd7 30. Rd1 Rxd1 31. Bxd1 Bf8 32. Kg2 Ne6 33. Ba4 Ned8 34. Bd2 f6 35. Bb3 Kg7 36. Kf1 Be7 37. Ke2 g5 38. h3 Nf7 39. Ba4 Nfd8 40. g4 Kf7 41. h4 Kg6 42. h5+ Kf7 43. Kd3 Ke6 44. Be3 Kf7 45. Bf2 Kg7 46. Ne3 Kf7 47. Bb3+ Ke8 48. Nc4 Kf8 49. Kc2 Kg7 50. Ne3 Kh7 51. Nd5 Bd6 52. Nxf6+ Kh8 53. Ne8 Be7 54. Bg3 Kh7 55. Bd5 Nxa5 56. Bxe5 Nac6 57. Bg7 b5 58. c4 Nd4+ 59. Bxd4 cxd4 60. cxb5 axb5 61. Kd3 Bc5 62. Nc7 b4 63. b3 Kg7 64. e5 Bb6 65. Nb5 Kf8 66. Nxd4 Nf7 67. Bxf7 Kxf7 68. Nf5 Ke6 69. Ke4 Bc7 70. Nd4+ Kf7 71. Kd5 Bxe5 1-0

[Event "GER-ch Seniors 50"]
[Site "Hamburg"]
[Date "2018.07.21"]
[Round "1"]
[White "Bertram, Thomas"]
[Black "Dehn, Marcus"]
[Result "0-1"]
[WhiteElo "1671"]
[BlackElo "2099"]
[PlyCount "68"]
[EventDate "2018.07.21"]
[EventType "swiss"]
[EventRounds "9"]
[EventCountry "GER"]
[SourceTitle "CBM 186 Extra"]
[Source "ChessBase"]
[SourceDate "2018.08.24"]
[SourceVersion "1"]
[SourceVersionDate "2018.08.24"]
[SourceQuality "1"]

1. e4 d5 2. exd5 Nf6 3. Nf3 Nxd5 4. Be2 Nf4 5. 0-0 Nxe2+ 6. Qxe2 Nc6 7. c3 e6 8. d4 Be7 9. Bf4 0-0 10. Nbd2 b6 11. Rad1 Bb7 12. Rfe1 Rc8 13. Ne4 Qd5 14. c4 Qf5 15. Qe3 Rfe8 16. a3 Na5 17. Ng3 Qc2 18. Ne5 Nxc4 19. Nxc4 Qxc4 20. Be5 f6 21. Nh5 fxe5 22. Qxe5 Bf8 23. Qg3 Kh8 24. Rc1 Qd5 25. Nf4 Qxd4 26. Nxe6 Qf6 27. Nxf8 Rxe1+ 28. Rxe1 Rxf8 29. Qe3 h6 30. h3 Qxb2 31. Re2 Qb1+ 32. Kh2 Qg6 33. f3 Qd6+ 34. g3 Rxf3 0-1

[Event "Groningen op-A 55th"]
[Site "Groningen"]
[Date "2017.12.30"]
[Round "9"]
[White "Pel, Bonno"]
[Black "Dehn, Marcus"]
[Result "1-0"]
[WhiteElo "2247"]
[BlackElo "2120"]
[PlyCount "79"]
[EventDate "2017.12.22"]
[EventType "swiss"]
[EventRounds "9"]
[EventCountry "NED"]
[SourceTitle "CBM 182 Extra"]
[Source "ChessBase"]
[SourceDate "2018.02.23"]
[SourceVersion "1"]
[SourceVersionDate "2018.02.23"]
[SourceQuality "1"]

1. g3 d6 2. Bg2 g6 3. e4 Bg7 4. d4 Nd7 5. Ne2 Ngf6 6. 0-0 e5 7. d5 0-0 8. c4 a5 9. Nbc3 Nb6 10. b3 a4 11. Rb1 axb3 12. axb3 Nfd7 13. f3 h5 14. Be3 Kh7 15. Qd2 Nc5 16. f4 f6 17. Qc2 Bd7 18. f5 Bh6 19. fxg6+ Kxg6 20. Bxh6 Kxh6 21. b4 Na6 22. Nd1 Kg7 23. Ne3 Nc8 24. Kh1 Ne7 25. Ng1 h4 26. Bh3 hxg3 27. Qg2 Bxh3 28. Nxh3 Rf7 29. Rf3 Qh8 30. Qxg3+ Kf8 31. Rbf1 Ke8 32. Ng5 Rf8 33. Ne6 Rg8 34. Ng4 f5 35. exf5 Kd7 36. f6 Qh5 37. h3 Rxg4 38. Qxg4 Qxg4 39. hxg4 Ng6 40. Rh3 1-0

[Event "Groningen op-A 55th"]
[Site "Groningen"]
[Date "2017.12.26"]
[Round "5"]
[White "Van Meegen, Ruud"]
[Black "Dehn, Marcus"]
[Result "1-0"]
[WhiteElo "2235"]
[BlackElo "2120"]
[PlyCount "87"]
[EventDate "2017.12.22"]
[EventType "swiss"]
[EventRounds "9"]
[EventCountry "NED"]
[SourceTitle "CBM 182 Extra"]
[Source "ChessBase"]
[SourceDate "2018.02.23"]
[SourceVersion "1"]
[SourceVersionDate "2018.02.23"]
[SourceQuality "1"]

1. d4 e6 2. c4 Bb4+ 3. Nd2 b6 4. e4 Bb7 5. Bd3 Nf6 6. Qe2 c5 7. Ngf3 cxd4 8. Nxd4 e5 9. Nc2 Be7 10. 0-0 Nc6 11. Rb1 Qc7 12. b4 a5 13. a3 Nd8 14. Rb2 Ne6 15. Nb1 Nf4 16. Bxf4 exf4 17. Nd4 axb4 18. axb4 Qe5 19. Nf3 Qh5 20. Nc3 0-0 21. e5 Ng4 22. h3 Nh6 23. Be4 Bc6 24. Qd3 Ra3 25. Rc1 Rfa8 26. Rbb1 f5 27. Bd5+ Kh8 28. Qd4 Bxd5 29. Nxd5 Rxf3 30. gxf3 Bg5 31. Ra1 Rg8 32. Kg2 Bh4 33. Rg1 Nf7 34. Qxf4 Bg5 35. Qxf5 Nh6 36. Qe4 Rf8 37. Ne3 Bf4 38. Ra8 Rxa8 39. Qxa8+ Ng8 40. Qe4 Bxe5 41. f4 Bd6 42. Nd5 Bf8 43. Ra1 Nh6 44. Ra8 1-0

[Event "Groningen op-A 54th"]
[Site "Groningen"]
[Date "2016.12.24"]
[Round "4"]
[White "Ernst, Sipke"]
[Black "Dehn, Marcus"]
[Result "1-0"]
[WhiteElo "2554"]
[BlackElo "2132"]
[PlyCount "57"]
[EventDate "2016.12.21"]
[EventType "swiss"]
[EventRounds "9"]
[EventCountry "NED"]
[SourceTitle "EXT 2018"]
[Source "ChessBase"]
[SourceDate "2017.10.13"]
[SourceVersion "1"]
[SourceVersionDate "2017.10.13"]
[SourceQuality "1"]

1. Nf3 g6 2. c4 Bg7 3. g3 d6 4. Bg2 Nf6 5. 0-0 0-0 6. Nc3 Nc6 7. d4 Bg4 8. Be3 Qc8 9. Rc1 Bh3 10. d5 Bxg2 11. Kxg2 Ne5 12. Nxe5 dxe5 13. Bc5 Re8 14. e4 e6 15. Qd3 Qd7 16. Rfd1 Rad8 17. Qe2 c6 18. dxe6 Qxe6 19. Rxd8 Rxd8 20. Bxa7 Bh6 21. Rd1 Rxd1 22. Nxd1 Qd6 23. Bb6 c5 24. Ba5 Qa6 25. Bc3 Qxa2 26. Bxe5 Nd7 27. Bc3 Nb6 28. Qd3 Na4 29. Be5 1-0

[Event "Groningen op-A 53rd"]
[Site "Groningen"]
[Date "2015.12.28"]
[Round "7"]
[White "Den Hartog, Marijn"]
[Black "Dehn, Marcus"]
[Result "1-0"]
[WhiteElo "2197"]
[BlackElo "2152"]
[PlyCount "43"]
[EventDate "2015.12.21"]
[EventType "swiss"]
[EventRounds "9"]
[EventCountry "NED"]
[SourceTitle "CBM 170 Extra"]
[Source "ChessBase"]
[SourceDate "2016.02.25"]
[SourceVersion "1"]
[SourceVersionDate "2016.02.25"]
[SourceQuality "1"]

1. e4 g6 2. d4 Bg7 3. Nc3 c6 4. Nf3 d5 5. Bd3 a6 6. 0-0 b5 7. Re1 Bb7 8. Bg5 h6 9. Bh4 g5 10. Bg3 Nd7 11. Qe2 Nb6 12. Ne5 Nf6 13. exd5 Nbxd5 14. Nxd5 Qxd5 15. Ng6 e6 16. Nxh8 c5 17. f3 c4 18. Bg6 Bxh8 19. Qxe6+ Qxe6 20. Rxe6+ Kf8 21. Bd6+ Kg8 22. Bxf7+ 1-0

[Event "Groningen op-A 53rd"]
[Site "Groningen"]
[Date "2015.12.27"]
[Round "6"]
[White "Dehn, Marcus"]
[Black "Maatman, Nick"]
[Result "0-1"]
[WhiteElo "2152"]
[BlackElo "2258"]
[PlyCount "149"]
[EventDate "2015.12.21"]
[EventType "swiss"]
[EventRounds "9"]
[EventCountry "NED"]
[SourceTitle "CBM 170 Extra"]
[Source "ChessBase"]
[SourceDate "2016.02.25"]
[SourceVersion "1"]
[SourceVersionDate "2016.02.25"]
[SourceQuality "1"]

1. d4 d5 2. g3 c5 3. c3 Nf6 4. Bg2 e6 5. Nf3 Nc6 6. 0-0 Qb6 7. e3 Bd7 8. Nbd2 Be7 9. Ne5 0-0 10. Nxd7 Nxd7 11. b3 cxd4 12. exd4 Rac8 13. Bb2 Rfd8 14. Kh1 Bf6 15. Nf3 a5 16. Qd2 a4 17. Rab1 axb3 18. axb3 Qxb3 19. Ba1 Qa4 20. Rxb7 Rb8 21. Rxb8 Rxb8 22. Qd3 Rb6 23. Nd2 Na5 24. Re1 Qa2 25. f4 g6 26. h4 Bg7 27. Bf1 Nf6 28. Be2 Nb3 29. Nxb3 Rxb3 30. Bf3 Qf2 31. Rg1 Ra3 32. Qf1 Qa2 33. Qb1 Qf2 34. Qf1 Qe3 35. Qg2 h5 36. Bb2 Rb3 37. Rf1 Qd3 38. Ra1 Ng4 39. Bxg4 hxg4 40. Kh2 Bf8 41. Qf2 Kg7 42. Qg2 Bd6 43. Rf1 Bc7 44. Rf2 Ba5 45. Rd2 Qc4 46. Rc2 Bc7 47. Qf2 Bd6 48. Kg2 Qd3 49. Qe2 Qxe2+ 50. Rxe2 Ba3 51. Bxa3 Rxa3 52. Rc2 Kf6 53. Kf2 Kf5 54. Ke3 Ra1 55. Re2 Rg1 56. Kf2 Rc1 57. Re5+ Kf6 58. Re3 Rc2+ 59. Ke1 Ke7 60. f5 gxf5 61. Kf1 Kf6 62. Kg1 Kg6 63. Kf1 f4 64. Re5 fxg3 65. Rg5+ Kh6 66. Rxg4 Rxc3 67. Kg2 Rd3 68. Kh3 f5 69. Rf4 Kh5 70. Kg2 Re3 71. Kh3 Re4 72. Rxe4 fxe4 73. Kxg3 e3 74. Kf3 Kxh4 75. Kxe3 0-1

[Event "Vlissingen HZ op 19th"]
[Site "Vlissingen"]
[Date "2015.08.02"]
[Round "3"]
[White "Dehn, Marcus"]
[Black "Mu, Ke"]
[Result "0-1"]
[WhiteElo "2165"]
[BlackElo "2380"]
[PlyCount "118"]
[EventDate "2015.08.01"]
[EventType "swiss"]
[EventRounds "9"]
[EventCountry "NED"]
[SourceTitle "CBM 167 Extra"]
[Source "ChessBase"]
[SourceDate "2015.09.14"]
[SourceVersion "1"]
[SourceVersionDate "2015.09.14"]
[SourceQuality "1"]

1. d4 c5 2. dxc5 e6 3. Nd2 Nf6 4. Nb3 Na6 5. Qd4 Qc7 6. Bf4 Qc6 7. Bd6 Bxd6 8. Qxd6 Ne4 9. Qd4 0-0 10. Nf3 Naxc5 11. Nxc5 Nxc5 12. Ne5 Qc7 13. 0-0-0 d5 14. Nd3 b6 15. Kb1 Bb7 16. e3 Rac8 17. Nxc5 bxc5 18. Qd2 Rb8 19. c3 Bc6 20. Qc1 Qa5 21. Bd3 Rb6 22. Ka1 Ba4 23. Rd2 Bb3 24. a3 Rfb8 25. Bb1 Qa4 26. h4 Bc4 27. Qc2 Qxc2 28. Rxc2 Kf8 29. Rd2 h6 30. Rc1 Ke7 31. e4 Kf6 32. f4 dxe4 33. Bxe4 h5 34. Re1 g6 35. g3 Ke7 36. Kb1 Bb3 37. Kc1 Ba4 38. Bf3 Rd6 39. Rxd6 Kxd6 40. Re2 Bc6 41. Rd2+ Kc7 42. Be2 a5 43. Bc4 Be4 44. Re2 Bf5 45. Rd2 Bg4 46. Rd3 Be2 47. Rd7+ Kxd7 48. Bxe2 Kd6 49. Bc4 Rb7 50. b3 f6 51. Kd2 g5 52. Ke3 gxh4 53. gxh4 Rg7 54. Be2 Rg3+ 55. Kd2 Rh3 56. b4 cxb4 57. cxb4 a4 58. Bxh5 Rxa3 59. Be8 Rb3 0-1

[Event "Groningen op-A 51st"]
[Site "Groningen"]
[Date "2013.12.30"]
[Round "9"]
[White "Dehn, Marcus"]
[Black "Bellia, Fabrizio"]
[Result "0-1"]
[WhiteElo "2135"]
[BlackElo "2424"]
[PlyCount "48"]
[EventDate "2013.12.21"]
[EventType "swiss"]
[EventRounds "9"]
[EventCountry "NED"]
[SourceTitle "CBM 158 Extra"]
[Source "ChessBase"]
[SourceDate "2014.02.28"]
[SourceVersion "1"]
[SourceVersionDate "2014.02.28"]
[SourceQuality "1"]

1. d4 Nf6 2. Nf3 g6 3. Bf4 Bg7 4. e3 0-0 5. Be2 c5 6. c3 d6 7. dxc5 dxc5 8. Qxd8 Rxd8 9. Bc7 Rd7 10. Bg3 Ne4 11. Bb5 Nc6 12. Bh4 Nd6 13. a4 a6 14. Bxc6 bxc6 15. Na3 Nf5 16. Nc4 Rb7 17. a5 Rb5 18. Bg5 Be6 19. Nb6 Re8 20. 0-0 Rxb2 21. Na4 Rb5 22. Bf4 Rxa5 23. Ne5 Bb3 24. Ra3 c4 0-1